[Event "Winter Chess Classic-A 2018"]
[Site "Saint Louis"]
[Date "2018.11.12"]
[Round "8"]
[White "Sevian, Samuel"]
[Black "Quesada Perez, Yuniesky"]
[Result "1/2-1/2"]
[WhiteElo "2641"]
[BlackElo "2612"]
[Annotator "TA"]
[PlyCount "113"]
[EventDate "2018.11.05"]
[EventType "tourn"]
[EventCountry "USA"]
[SourceTitle "playchess.com"]
[Source "ChessBase"]
[SourceQuality "1"]

{[%evp 21,113,9,15,10,8,11,25,13,21,13,13,14,29,34,50,51,54,62,43,27,28,37,35,35,29,31,33,31,46,8,10,16,14,16,17,7,10,0,0,0,8,8,8,0,8,8,8,8,8,8,10,0,0,0,0,0,0,0,0,0,0,0,8,8,8,8,8,0,0,0,0,0,0,0,0,0,0,0,0,0,8,0,0,0,0,0,0,0,0,0,0,0,0,0]} 1. c4 Nf6 2. Nc3 e5 3. Nf3 Nc6 4. g3 Bb4 5. Bg2 O-O 6. O-O d6 7. d3 Re8 {A29: English Opening: Four Knights Variation with 4 g3} 8. Nd5 Nxd5 9. cxd5 Ne7 10. d4 e4 11. Ng5 h6 {LiveBook: 3 Games} 12. Nxe4 Nxd5 13. Bd2 $146 ({Predecessor:} 13. a3 Ba5 14. Nd2 Nf6 15. Nc4 {½-½ (32) Gelfand,B (2737)-Wojtaszek,R (2737) Heraklio 2017}) 13... Bxd2 14. Nxd2 {[%cal Be4d2,Bd2c4,Bc4e3][%mdl 32]} c6 15. e4 Nc7 16. Re1 Nb5 17. Nc4 d5 18. exd5 $1 Rxe1+ 19. Qxe1 cxd5 20. Ne3 Nxd4 21. Rd1 Nc6 22. Nxd5 Bg4 $1 {[%cal Rg4d1]} 23. Rd2 Qe8 24. Qxe8+ Rxe8 25. h3 Re1+ {The position is equal.} 26. Kh2 Re2 27. Rxe2 Bxe2 $11 {[%mdl 4096] Endgame KBN-KBN} 28. Nc3 Bd3 29. Bxc6 bxc6 {KB-KN} 30. Kg2 Kf8 31. Kf3 Ke7 32. Ke3 Bf1 33. h4 Kd6 34. b4 Ke5 35. f4+ Kf5 36. Ne4 Kg4 37. Kf2 Bc4 38. a3 Bd5 39. Nd6 Be6 40. Ne4 Bd5 41. Nd6 g5 42. hxg5 hxg5 43. fxg5 Kxg5 44. Nc8 a6 45. Nb6 Be6 46. Na4 Bc4 47. Nb2 Bd5 48. Nd3 Kf5 49. Nc5 Bc4 $1 50. Ke3 Kg4 51. Kf2 Kf5 52. a4 Ke5 {And now ...Kd4 would win.} 53. Ke3 Kd5 {[#] ...a5! is the strong threat.} 54. Nd7 {Threatens to win with Nb6+.} Bf1 55. Nb6+ Ke5 $1 56. Kf2 Bd3 57. Ke3 {Precision: White = 65%, Black = 70%.} 1/2-1/2

[Event "Winter Chess Classic-A 2018"]
[Site "Saint Louis"]
[Date "2018.11.12"]
[Round "8"]
[White "Shimanov, Aleksandr"]
[Black "Swiercz, Dariusz"]
[Result "1/2-1/2"]
[WhiteElo "2620"]
[BlackElo "2636"]
[Annotator "TA"]
[PlyCount "112"]
[EventDate "2018.11.05"]
[EventType "tourn"]
[EventCountry "USA"]
[SourceTitle "playchess.com"]
[Source "ChessBase"]
[SourceQuality "1"]

{[%evp 19,112,11,4,-75,-88,-75,-54,-84,-88,-67,-74,-126,-103,-120,-99,-107,-106,-92,-51,-51,-52,-58,-53,-40,-41,-32,-52,-83,-93,-87,-87,-81,-67,-69,-59,-68,-53,-53,-53,-52,-49,-54,-40,-79,-79,-82,-82,-82,-80,-82,-82,-82,0,-8,0,-82,-82,-82,329,-82,-82,-82,-82,-83,-83,-90,-93,-79,-79,-81,-161,-83,0,-5,0,-88,-76,-77,-35,-152,-155,-561,-542,-508,-8,-8,-8,-8,-8,-35,-18,-8,-8,-8,0]} 1. e4 e5 2. Nf3 Nc6 3. Bc4 Bc5 4. c3 Nf6 5. d3 d6 6. O-O a6 7. a4 O-O {[%cal Be8g8,Bg8g7,Bg7g6][%mdl 32]} 8. Bg5 h6 9. Bh4 Ba7 10. Na3 {C54: Italienische Partie (Hauptvariante)} g5 {[#] LiveBook: 4 Partien} (10... Qe7 11. Bb3 Kh8 12. Re1 g5 13. Bg3 {0-1 (53) Narayanan,S (2511)-Short,N (2698) Bacolod 2017}) 11. Nxg5 $1 {[%mdl 512]} hxg5 $17 12. Bxg5 {Schwarz steht besser.} Kg7 $1 13. Qf3 {Weiss will Sc2 spielen.} Rh8 $1 14. Nc2 Kg6 $1 {[%cal Rg6g5]} 15. h4 (15. Bc1 $142) 15... Bg4 16. Qg3 $146 Qd7 $1 17. Ne3 Rag8 $1 18. d4 Nxe4 19. Bd3 $1 {[%cal Rd3e4]} Bf5 $1 20. Qf3 d5 21. g4 {[#]} Bxg4 $1 {[%mdl 512]} 22. Nxg4 ({Jedoch nicht} 22. Qxg4 $2 f5 $17) 22... f5 23. Nxe5+ Nxe5 24. dxe5 Nxg5 25. hxg5 Rh5 26. Rfe1 Qe6 $1 {Droht stark ...Tgh8.} 27. Kg2 $1 Rgh8 28. Rh1 $1 Rxg5+ 29. Kf1 Rxh1+ 30. Qxh1 Qxe5 {Und ...Df4 würde nun gewinnen.} 31. Re1 Qf4 $1 {[%csl Ga7,LRa4,LRf2][%cal Rf4f2]} 32. Re6+ Kf7 {[%csl Ga7][%cal Rf4f2]} 33. Re2 Kg7 {...Lxf2! ist eine echte Drohung.} 34. Re7+ Kf6 {[%csl Ga7][%cal Rf4f2]} 35. Re2 Kg7 (35... Rg8 $1 $17 36. Qxd5 Qc1+ 37. Re1 Rg1+ 38. Kxg1 Qxe1+ 39. Kh2 Qxf2+ 40. Kh3 Qe3+ 41. Kg2 Qf2+ 42. Kh3 Qe3+ 43. Kg2 Qd2+ 44. Kh3 Qe3+) 36. Re7+ $1 $11 Kf6 ({Besser ist} 36... Kf8 $11 37. Re2 Rg8) 37. Re2 $17 Rg8 $1 {zielt auf ...Lxf2! ab.} 38. Qxd5 Qc1+ 39. Re1 Rg1+ $1 40. Kxg1 Qxe1+ 41. Kg2 Qxf2+ 42. Kh3 Qe3+ 43. Kg2 Qg1+ 44. Kh3 Qg4+ 45. Kh2 Qg1+ (45... Bg1+ $17 46. Kh1 Bb6) 46. Kh3 $11 Qg4+ ({Günstiger ist} 46... Qc5 $11 47. Qd8+ Kf7) 47. Kh2 $17 Bg1+ 48. Kh1 Bc5 {[%cal Rg4h3]} 49. Qd8+ {[#]} (49. Qxc5 $15 Qh3+ 50. Kg1 Qg3+ 51. Kf1 Qxd3+ 52. Kf2) 49... Ke5 $1 {[%cal Rg4h3]} 50. Qxc7+ $2 (50. Qh8+ $17 {war die entscheidende Verteidigung.} Kd5 51. c4+ Ke6 52. Qc8+ Kf6 53. Qh8+ Kf7 54. Qh7+ Ke6 55. Qh6+ Ke5 56. Qh2+ Kf6 57. Qh6+ Kf7 58. Qh7+ Ke8 59. Qh8+ Kf7 60. Qh7+) 50... Bd6 $19 51. Qc4 {[#]} Qh3+ $2 (51... Qg3 $1 $19 {Und weiter mit ...Kf6 wäre nett.} 52. Bxf5 Kxf5 53. Qf7+ Ke5 54. Qh5+ Kf6 55. Qh6+ Ke7) 52. Kg1 $11 Qe3+ 53. Kg2 Bc5 {Droht ...f4 und aus.} 54. Bf1 Qf2+ 55. Kh3 Qf3+ 56. Kh2 Qf4+ {Precision: Weiß = 60%, Schwarz = 68%.} 1/2-1/2

[Event "Winter Chess Classic-A 2018"]
[Site "Saint Louis"]
[Date "2018.11.13"]
[Round "9"]
[White "Robson, Ray"]
[Black "Sasikiran, Krishnan"]
[Result "1/2-1/2"]
[WhiteElo "2676"]
[BlackElo "2671"]
[Annotator "TA"]
[PlyCount "158"]
[EventDate "2018.11.05"]
[EventType "tourn"]
[EventCountry "USA"]
[SourceTitle "playchess.com"]
[Source "ChessBase"]
[SourceQuality "1"]

{[%evp 24,158,28,26,19,0,10,19,42,39,47,33,34,36,57,32,13,-7,-12,-19,-9,-6,0,0,0,0,0,0,8,0,8,0,0,0,80,96,98,79,106,100,118,77,132,0,122,125,129,127,120,86,51,0,0,0,0,-96,-121,-122,-127,-131,-133,-124,-120,-119,-116,-159,-157,-278,-272,-226,-256,-451,-441,-403,-386,-357,-372,-582,-559,-559,-559,-637,-559,-559,-630,-559,-559,-559,-552,-757,-552,-552,-552,-535,-498,-533,-466,-508,-508,-477,-431,-493,-486,-1322,-1225,-29953,-2814,-2687,-1883,-1865,-552,-573,-552,-967,-552,-552,-314,-477,-310,-310,-310,-539,-339,-486,-470,-380,0,0,0,0,8,8,8,8,8,8,8]} 1. e4 e5 2. Nf3 Nc6 3. Bb5 {[%cal Bf1b5,Bb5a4,Ba4b3][%mdl 32]} a6 4. Ba4 Nf6 5. O-O Be7 6. Re1 b5 7. Bb3 O-O 8. a4 b4 9. d3 d6 10. a5 Be6 11. Bxe6 {C88: Closed Ruy Lopez: Anti-Marshall Systems} fxe6 12. Nbd2 Rb8 13. c3 {LiveBook: 12 Games. White has an edge.} d5 14. Qe2 {[#]} bxc3 $146 ({Predecessor:} 14... Bc5 15. Nb3 Bd6 16. c4 d4 17. g3 Qe8 18. Bd2 Nd7 19. Nh4 Nd8 20. Rf1 Qe7 {0-1 (57) Zhigalko,S (2641)-Fressinet,L (2662) Riadh 2017}) 15. bxc3 Rb5 16. exd5 exd5 17. Nxe5 Nxe5 18. Qxe5 Bd6 19. Qe2 d4 20. cxd4 Bxh2+ $1 21. Kf1 ({Reject} 21. Kxh2 Qxd4 22. Nf3 Qxa1 $17) 21... Qxd4 22. Ba3 $1 $132 {[%mdl 2048] White is not keeping still} Bd6 {aiming for ...Bxa3.} 23. Qe6+ Kh8 24. Qc4 Qa7 25. Nf3 h6 26. Kg1 Qb8 (26... Qb7 {seems wilder.} 27. Bxd6 cxd6 28. Qe6 Qb8 29. d4 Nd5) 27. Bxd6 cxd6 28. Qc6 Qa8 (28... Nd5 $11) 29. Qxd6 $16 Rd5 30. Qb4 Rb5 31. Qc4 Rc8 32. Qf7 {Hoping for Re7.} Rf8 (32... Qd5 $142 33. Qxd5 Nxd5) 33. Qc4 Rc8 34. Qf4 Nd5 {[%cal Bf6d5,Bd5f4,Bf4e2][%mdl 32]} 35. Qg3 Rf8 36. Ne5 Nf4 37. Ra4 ({White should play} 37. Re3 $14) 37... Rb1 $1 $11 {[%cal Rb1e1]} 38. Ng6+ (38. Rxb1 Ne2+ 39. Kh2 Nxg3 $11) 38... Kg8 $1 39. Rxb1 ({Of course not} 39. Ne7+ Kh7 $15) (39. Rae4 $11 {remains equal.} Qxe4 40. dxe4 Rxe1+ 41. Kh2 Nxg6 42. f3) 39... Ne2+ $17 40. Kh2 Nxg3 41. Nxf8 Qe8 $1 {[%cal Re8a4]} 42. Rg4 Nf1+ $1 43. Rxf1 {[#]} Qe2 $1 {[%cal Re2g4]} 44. f3 Qxf1 {[%mdl 4096] Endgame KQ-KRN} 45. Ne6 (45. Nd7 $17 {was forced.}) 45... Qxd3 $19 46. Rxg7+ Kh8 {Threatens to win with ...Qd6+.} 47. f4 $2 (47. Rg4 {might work better.}) 47... Qd5 48. Re7 Qxa5 49. Re8+ Kh7 50. g4 (50. Re7+ {is a better defense.} Kg6 51. Nd4) 50... Kg6 51. f5+ Kf6 52. Rf8+ Ke5 53. Rc8 Qd2+ 54. Kg3 a5 55. Re8 Qe1+ 56. Kh3 Qh1+ 57. Kg3 Qg1+ 58. Kf3 Kd6 59. Nf4 Kd7 60. Re3 Qa1 61. Nd3 Kd8 62. Ne5 a4 63. Nc6+ (63. Rd3+ $142 Kc7 64. Nc4) 63... Kc7 64. Nb4 Qf1+ (64... Qd1+ $142 65. Kg3 Qd6+ 66. Kh4 Qxb4 67. Re2 a3 68. Rc2+ Kd6 69. Re2 Qb3 70. Rd2+ Kc5 71. f6 a2 72. Rxa2 Qxa2 73. Kg3 Qe6 74. Kf2 Qxf6+ 75. Ke3 Qe5+ 76. Kf3 Kd4 77. g5 Qxg5 78. Kf2 Ke4 79. Ke1 Qg2 80. Kd1 Kd3 81. Ke1 Qg1#) 65. Kg3 Qc4 66. Nd3 Qc3 (66... a3 $142 67. Nf2 a2) 67. Rf3 {intending f6.} Qf6 68. Nb4 {Strongly threatening Nd5+.} Kd6 69. Kh3 Kc5 70. Nc2 (70. Na2 {was the only defense.}) 70... Kc4 71. Na3+ Kd5 72. Nc2 $2 (72. Nb1 Ke4 73. Nd2+ Kd5 74. Nb1) 72... Ke4 73. Ra3 (73. Kg2 $142) 73... Qc6 74. Ne1 {[#] If only White now had time for f6....} Kf4 $2 (74... h5 $1 $19 {[%mdl 512]} 75. Ng2 (75. gxh5 Kxf5) 75... hxg4+ 76. Kxg4 Qc4) 75. Rf3+ $11 {The position is equal.} Kg5 76. f6 {[#]} Qxf6 $1 {[%mdl 512]} 77. Rxf6 Kxf6 78. Nc2 Kg5 79. Kg3 h5 {Precision: White = 51%, Black = 57%.} 1/2-1/2

[Event "Winter Chess Classic-A 2018"]
[Site "Saint Louis"]
[Date "2018.11.13"]
[Round "9"]
[White "Melkumyan, Hrant"]
[Black "Shimanov, Aleksandr"]
[Result "1-0"]
[WhiteElo "2668"]
[BlackElo "2620"]
[Annotator "TA"]
[PlyCount "123"]
[EventDate "2018.11.05"]
[EventType "tourn"]
[EventCountry "USA"]
[SourceTitle "playchess.com"]
[Source "ChessBase"]
[SourceQuality "1"]

{[%evp 14,123,34,33,46,0,0,2,15,0,21,19,22,25,39,13,21,20,12,12,14,0,10,10,13,27,65,89,78,5,-4,-53,-62,-65,34,34,34,27,34,35,35,35,35,34,35,27,28,0,14,0,19,10,0,0,0,0,0,0,95,72,72,72,72,72,108,108,153,153,524,524,524,524,524,520,520,520,665,611,643,587,576,571,571,562,560,558,548,472,427,499,488,471,827,805,805,797,718,472,918,797,29977,29973,29971,1462,29975,29975,29973,29972,29984,29984,29984,29983]} 1. d4 d6 2. e4 Nf6 3. Bd3 e5 4. c3 d5 5. dxe5 Nxe4 6. Nf3 Nc5 {B07: Pirc-Ufimzew-Verteidigung} (6... Nc6 7. Nbd2 Nc5 8. Bb5 Be7 9. Nb3 O-O 10. h3 Ne4 11. O-O Bf5 12. Be3 a6 13. Bxc6 bxc6 14. Nfd2 a5 15. Nxe4 Bxe4 {½-½ (28) Wen,Y (2599)-Sethuraman,S (2657) Hamedan 2018}) 7. Bc2 Bg4 8. O-O {LiveBook: 10 Partien} Be7 {Weiß steht etwas besser.} 9. Bf4 Ne6 $146 ({Vorgänger:} 9... O-O 10. h3 Bh5 11. Qe2 Ne6 12. Bh2 c5 13. Nbd2 Nc6 14. g4 {½-½ (59) Bonato,M (2177)-Ferretti,F (2211) Bratto 2015}) 10. Bg3 O-O 11. Nbd2 {[%cal Bb1d2,Bd2f1,Bf1e3,Be3f5][%mdl 32]} Bh5 12. Qb1 Bg6 13. Rd1 c6 14. Nf1 Nd7 15. Ne3 Bc5 16. Nf5 a5 17. b4 axb4 18. cxb4 Bb6 19. a4 {[%cal Ba2a4,Ba4a5][%mdl 32]} f6 20. a5 Ba7 {Schwarz will ...Sxe5 spielen.} 21. Re1 (21. Bh4 $16) 21... Nxe5 $1 $11 22. Rxe5 (22. Nxe5 {keeps more tension.} fxe5 23. Rxe5 Qf6 24. Ra3 Kh8 25. Qe1) 22... fxe5 23. Bh4 Bxf5 (23... Qb8 $15 24. Ne7+ Kh8 25. Bxg6 e4 26. Bxe4 (26. Bg3 Qd8 $17) 26... dxe4 27. Qxe4 Qd6) 24. Bxd8 $14 Bxc2 25. Qxc2 {[#] Droht Le7 und aus.} Raxd8 26. a6 $1 {[%cal Ra6b7]} Nd4 27. Nxd4 Bxd4 28. Rf1 bxa6 29. Qxc6 Rf6 30. Qb7 h6 31. g3 Kh8 32. Kg2 e4 33. Rd1 Rxf2+ 34. Kh3 Bf6 $1 35. Rxd5 Re8 (35... e3 $1 $11) 36. Qc6 $36 {[%mdl 2048] Weiss bestimmt, wo es lang geht.} Re7 37. Rd8+ Kh7 38. Re8 {[#] Und weiter mit Txe7 wäre nett.} Rxe8 39. Qxe8 $16 {[%mdl 4096] Endspiel KD-KTL} Re2 40. Qd7 h5 $2 (40... Kg8 $16 41. Qe6+ Kh7) 41. Qd1 $18 Rb2 42. Qxh5+ Kg8 43. Qe8+ Kh7 44. Qxe4+ g6 45. Qf4 Bg7 46. Qc4 Bf8 47. Qh4+ Bh6 48. Qe7+ Bg7 49. Qd6 Ra2 50. Qe6 Ra4 51. Qb3 Ra1 52. Qc4 a5 (52... Ra4 $142 53. Qh4+ Kg8) 53. Qh4+ Bh6 54. b5 a4 55. g4 {Und g5 würde nun gewinnen.} g5 (55... Ra3+ $142 56. Kg2 Ra2+ 57. Kf3 Ra3+ 58. Ke2 g5) 56. Qg3 a3 57. Qd3+ Kh8 58. Qg6 (58. b6 $142 a2 59. Qb3 Rb1 60. Qxa2 Rb4 61. Qa8+ Kh7 62. b7 Rb3+ 63. Kg2) 58... Bf8 59. Qh5+ {Weiß setzt Matt.} Kg8 60. Qxg5+ Kf7 61. Qd5+ Kg6 62. Qf5+ {Precision: Weiß = 61%, Schwarz = 38%.} 1-0

[Event "Winter Chess Classic-A 2018"]
[Site "Saint Louis"]
[Date "2018.11.13"]
[Round "9"]
[White "Swiercz, Dariusz"]
[Black "Xiong, Jeffery"]
[Result "1/2-1/2"]
[WhiteElo "2636"]
[BlackElo "2675"]
[Annotator "TA"]
[PlyCount "102"]
[EventDate "2018.11.05"]
[EventType "tourn"]
[EventCountry "USA"]
[SourceTitle "playchess.com"]
[Source "ChessBase"]
[SourceQuality "1"]

{[%evp 19,102,20,31,29,24,15,29,22,27,31,16,0,0,0,0,0,0,0,0,0,0,0,7,0,0,0,0,0,0,0,0,0,0,0,0,0,0,0,0,0,0,0,0,0,0,0,0,0,0,0,0,0,0,0,0,0,0,0,0,0,0,0,0,0,0,0,0,0,0,0,0,0,0,0,0,0,0,0,0,0,0,0,0,0,0]} 1. e4 c5 2. Nf3 d6 3. d4 cxd4 4. Nxd4 Nf6 5. Nc3 a6 6. Be3 e5 7. Nf3 Qc7 8. Be2 h6 {B90: Sicilian Najdorf: Unusual White 6th moves, 6 Be3 Ng4 and 6 Be3 e5} (8... Be7 9. a4 O-O 10. O-O Be6 11. a5 Nbd7 12. Ng5 Bc4 13. Re1 Rfc8 14. Ra4 Bxe2 15. Qxe2 Qc6 16. Rd1 Bd8 17. Nf3 b5 18. axb6 Bxb6 {½-½ (31) Swiercz,D (2649)-Mareco,S (2648) Saint Louis 2017}) 9. O-O Be7 10. a4 Be6 {LiveBook: 12 Games} 11. Nd5 Nxd5 12. exd5 Bf5 13. Bd3 Bxd3 14. cxd3 Nd7 15. Qb3 $146 {The position is equal.} ({Predecessor:} 15. Rc1 Qb8 16. Nd2 Nf6 {1-0 (68) Bisby,D (2287)-Burrows,M (2196) Guernsey 2008}) 15... Nf6 16. Nd2 O-O 17. Ne4 Rac8 18. Rfc1 Qd7 19. Nxf6+ Bxf6 20. Rc4 Rxc4 21. dxc4 e4 22. Qc2 Rc8 23. Rc1 b5 24. axb5 axb5 25. Qxe4 Bxb2 26. Rc2 Bf6 27. cxb5 Rxc2 $1 28. Qxc2 Qxb5 29. Qe4 Bg5 30. Bxg5 hxg5 $11 {[%mdl 4096] Endgame KQ-KQ} 31. g3 g6 32. h3 Qb2 33. Kg2 Kg7 34. Qe3 Kf6 35. h4 gxh4 36. Qf4+ Ke7 {With the idea ...hxg3.} 37. Qxh4+ Qf6 38. Qc4 g5 39. f4 gxf4 40. gxf4 Qb2+ 41. Kg3 {Black must now prevent Qc7+.} Kf6 42. Qe4 Qd2 43. Kg4 Qd1+ 44. Kg3 Qg1+ 45. Kh3 Qg8 46. Kh4 $1 Qg1 47. Kh3 Qg6 48. Qxg6+ Kxg6 49. Kg4 Kf6 50. Kg3 $1 Kf5 {[#] Hoping for ...Ke4.} 51. Kf3 Kg6 {Precision: White = 84%, Black = 85%.} (51... f6 $5) 1/2-1/2

[Event "Winter Chess Classic-A 2018"]
[Site "Saint Louis"]
[Date "2018.11.13"]
[Round "9"]
[White "Quesada Perez, Yuniesky"]
[Black "Motylev, Alexander"]
[Result "1-0"]
[WhiteElo "2612"]
[BlackElo "2661"]
[Annotator "TA"]
[PlyCount "75"]
[EventDate "2018.11.05"]
[EventType "tourn"]
[EventCountry "USA"]
[SourceTitle "playchess.com"]
[Source "ChessBase"]
[SourceQuality "1"]

{[%evp 33,75,25,36,29,21,32,40,29,68,67,66,64,72,68,58,58,68,57,73,63,75,17,14,22,18,8,8,0,20,6,47,6,5,6,39,43,460,459,532,508,482,493,538,531]} 1. e4 c5 2. Nf3 Nc6 3. d4 cxd4 4. Nxd4 Nf6 5. Nc3 d6 6. Bg5 e6 7. Qd2 a6 8. O-O-O Bd7 {[%cal Bc8d7,Bd7c6,Bc6e4][%mdl 32]} 9. f4 b5 10. Bxf6 gxf6 11. Kb1 Qb6 12. Nxc6 Bxc6 13. f5 b4 {B67: Sicilian: Richter-Rauzer: 7...a6 8 0-0-0 Bd7, lines without 9 f4 Be7} 14. Ne2 {[%cal Bc3e2,Be2g3,Bg3f1,Bf1e3][%mdl 32]} e5 15. Ng3 h5 {[%cal Bh7h5,Bh5h4][%mdl 32]} 16. Bc4 h4 17. Nf1 Bxe4 {LiveBook: 4 Games} 18. Qe2 Bxf5 19. Ne3 Be6 $1 20. Qf3 {[#]} Rc8 $146 ({Predecessor:} 20... Ra7 21. Bxe6 fxe6 22. Qxf6 {1-0 (44) Grischuk,A (2777)-Eliseev,U (2549) Moscow 2014}) 21. Bxe6 $1 fxe6 22. Qxf6 Rh6 {[#]} 23. Qg5 $1 Qc7 24. Rhf1 Qg7 $1 {[%cal Rg7g5]} 25. Qxg7 Bxg7 26. Rxd6 a5 27. Ra6 (27. Ng4 $16 Rg6 28. h3) 27... Rf6 $1 $11 28. Rxf6 Bxf6 29. Rxa5 {[%mdl 4096] Endgame With the idea Ng4. KRB-KRN} e4 {Black wants to play ...Bd4.} 30. Ng4 Kf7 (30... Bd4 {keeps more tension.} 31. Kc1 Rd8 32. Ra6 Kf7 33. Rc6 e3) 31. a4 {[#] Black must now prevent Rb5.} Bd4 32. Kc1 {Black should prevent Rb5.} e3 $1 {[%cal Re3e2] Strongly threatening ...e2.} 33. Kd1 {next Rb5 is good for White.} e2+ 34. Kxe2 {And now b3 would win.} Rxc2+ $2 {[%mdl 8192]} (34... Bxb2 $14 35. Kd3 Rc3+ 36. Kd2 Ra3) 35. Kd3 $18 {White is clearly winning.} Rxg2 36. Rg5 ({Stronger than} 36. Kxd4 Rxg4+ 37. Kc5 Rg2 $11) 36... Rxb2 37. Kxd4 Ra2 38. a5 {Precision: White = 55%, Black = 49%.} 1-0

[Event "Winter Chess Classic-A 2018"]
[Site "Saint Louis"]
[Date "2018.11.13"]
[Round "9"]
[White "Miroshnichenko, Evgenij"]
[Black "Sevian, Samuel"]
[Result "0-1"]
[WhiteElo "2606"]
[BlackElo "2641"]
[Annotator "TA"]
[PlyCount "84"]
[EventDate "2018.11.05"]
[EventType "tourn"]
[EventCountry "USA"]
[SourceTitle "playchess.com"]
[Source "ChessBase"]
[SourceQuality "1"]

{[%evp 21,84,-6,-12,-12,0,-7,6,-29,-26,-68,-70,-77,-70,-77,-60,-63,-54,-64,-65,-69,-44,-56,-65,-58,-62,-72,-60,-94,-115,-110,-107,-109,-118,-112,-103,-107,-118,-240,-225,-285,-284,-284,-284,-285,-160,-277,-284,-286,-266,-314,-170,-360,-354,-343,-256,-310,-252,-235,-231,-309,-288,-533,0,-531,-519]} 1. Nf3 Nf6 2. g3 d5 3. Bg2 e6 4. O-O c5 5. d3 Nc6 6. Nbd2 Be7 7. e4 O-O 8. Re1 b5 9. a4 b4 10. exd5 {C00: French: Unusual White 2nd moves} Nxd5 11. Nc4 Bb7 {LiveBook: 21 Games} 12. Bd2 $146 {The position is equal.} ({Predecessor:} 12. h4 h6 13. Bd2 Qc7 14. a5 Rad8 15. c3 Bf6 16. Qc2 Ba6 {½-½ (26) Malakhov,V (2694)-Matlakov,M (2689) Berlin 2015}) 12... Rc8 13. h4 h6 14. Kh2 Bf6 15. Re2 Nb6 16. Nxb6 Qxb6 17. Rb1 Ne7 {[%cal Bc6e7,Be7f5,Bf5d4][%mdl 32]} 18. b3 Rfd8 19. Qh1 Nf5 20. Be3 Bd4 21. Nd2 Bd5 22. Bxd5 exd5 23. Qf3 Qf6 24. Bxd4 Nxd4 25. Qxf6 gxf6 26. Re7 Re8 $1 {[%cal Re8e7]} 27. Re3 Nxc2 28. Rxe8+ Rxe8 $17 {[%mdl 4096] Endgame KRN-KRN} 29. Rc1 {[#]} (29. Nf3 $17 {was called for.}) 29... Ne1 $1 $19 {[%cal Re1d3]} 30. Rxc5 Re2 31. Nf1 Rxf2+ 32. Kg1 {Black must now prevent Rc8+.} Rg2+ ({Weaker is} 32... Nxd3 33. Rxd5 Rf3 34. Rb5 $17) 33. Kh1 Rb2 34. Rxd5 Rxb3 35. Rb5 Rb2 (35... Nxd3 $142 {Threatens to win with ...Rb2.} 36. Kg2 Ne5) 36. d4 $2 {[#]} (36. Rb8+ {was the only chance.} Kg7 37. d4) 36... Kf8 $1 37. a5 Nf3 38. d5 Ke7 39. Rb7+ Kd6 40. Rxa7 Rf2 ({Not} 40... Kxd5 41. Rxf7 Kc5 42. Rxf6 $17) 41. a6 $2 (41. Ra6+ {was necessary.} Kxd5 42. Ne3+ Kc5 43. Ng4) 41... Rxf1+ 42. Kg2 Nd2 {Precision: White = 36%, Black = 64%.} 0-1